| 000 | 00438nam a22001457a 4500 | ||
|---|---|---|---|
| 003 | OSt | ||
| 008 | 260420b |||||||| |||| 00| 0 eng d | ||
| 082 |
_a635.648 _bK98E |
||
| 100 | _aKumar, Omprakash | ||
| 245 | _aExploitation of Heterosis in Bhindi (Abelmoschus esculentus (L.) Moench) | ||
| 260 |
_aBAU, Sabour, Bhagalpur _bRAU, Pusa _c1987 |
||
| 502 |
_bMsc. _d1987 |
||
| 650 | _aHorticulture (Vegetable & Floriculture) | ||
| 942 |
_2ddc _cT |
||
| 999 |
_c50091 _d50091 |
||